Представление документа в формате RUSMARC

ПолеНазваниеЗначение
  Тип записи a
  Библиографический уровень m
001 Контрольный номер RU/REG73/CBS_GRAD/1/712798656
005 Дата корректировки 20221122154836.8
010 Индекс ISBN __
a ISBN 978-5-04-111071-0
101 Язык документа __
a Язык текста rus
200 Заглавие и сведения об ответственности __
a Заглавие Миф о плохой еде, который будет развенчан
f Первые сведения об ответственности Аарон Кэрролл ; перевод с английского О. Ивенской
b Общее обозначение материала Текст
203 Вид содержания и тип средства __
a Вид содержания Текст (визуальный) : непосредственный
210 Выходные данные __
a Место издания Москва
c Издательство Эксмо
d Дата издания 2021
215 Физическое описание __
a Объем 288 с.
225 Серия __
a Серия Кулинария, вилки против ножей
686 Индексы других классификаций __
a Классификационный индекс 36.99
700 Автор __
a Фамилия Кэрролл
g Полное личное имя Аарон
801 Источник записи _0
a Страна RU
b Организация RuCBSGrad
g Правила каталогизации PSBO
801 Источник записи _1
a Страна RU
b Организация RuCBSGrad
g Правила каталогизации PSBO
901 Тип документа __
t Тип документа m
981 __
b i
2 isbdcontent
g e
982 __
b n
2 isbdmedia
993 __
a 145825
b 41625
e 288759
f ЦГБ
h 448.80
i 288759
m 1
n 44775
o I
x 1
y 6